| 000 | 00370nam a2200157Ia 4500 | ||
|---|---|---|---|
| 008 | 230917s9999||||xx |||||||||||||| ||und|| | ||
| 020 | _cRS395 | ||
| 040 |
_e150291 _aMAIN |
||
| 041 | _aEnglish | ||
| 082 | _aB G 341G:M | ||
| 100 | _aGulzar | ||
| 245 | 0 | _amirza Ghalib: a biographical scenario | |
| 260 |
_aNew Delhi _bRupa _c2005 |
||
| 300 | _a221p p. | ||
| 942 | _cBK | ||
| 999 |
_c121481 _d121481 |
||